| Tag |
First Indicator |
Second Indicator |
Subfields |
| LEADER |
00000uam a2200000 a 4500 |
| 001 |
in00004250813 |
| 005 |
20260123203607.8 |
| 006 |
m o d |
| 007 |
cr cn |
| 008 |
110513s2011 xx o eng |
| 020 |
|
|
|z 9780131388291
|
| 020 |
|
|
|z 0321719921
|
| 020 |
|
|
|z 9780321719928
|
| 020 |
|
|
|z 0131388290
|
| 035 |
|
|
|a (CaSebORM)9780131388291
|
| 040 |
|
|
|d UtOrBLW
|
| 041 |
0 |
|
|a eng
|
| 100 |
1 |
|
|a Bluestein, Michael,
|e author.
|0 http://id.loc.gov/authorities/names/n2004070042
|
| 245 |
1 |
0 |
|a Learning MonoTouch :
|b A Hands-On Guide to Building iOS Applications with C# and .NET /
|c Bluestein, Michael.
|
| 250 |
|
|
|a 1st edition.
|
| 264 |
|
1 |
|b Addison-Wesley Professional,
|c 2011.
|
| 300 |
|
|
|a 1 online resource (360 pages)
|
| 336 |
|
|
|a text
|b txt
|2 rdacontent
|
| 337 |
|
|
|a computer
|b c
|2 rdamedia
|
| 338 |
|
|
|a online resource
|b cr
|2 rdacarrier
|
| 347 |
|
|
|a text file
|
| 520 |
|
|
|a Many .NET developers and many enterprises would like to target the iPhone for business application development, yet the learning curve and cost of moving to Objective-C precludes the practicality of this in many cases. MonoTouch brings the best of CocoaTouch and .NET under a single, extensible technology, providing the only way to develop iPhone applications using .NET that can be published to the iPhone App Store. Learning MonoTouch begins with the basics of building applications for the iPhone under MonoTouch. It assumes the reader is familiar with C# and .NET at least on an intermediate level and will focus on making use of existing skills while presenting in detail iPhone-specific information. Initial chapters will have simple examples to get the reader up and running and lay the groundwork for more complex samples and chapters presented later in the book. After the basics are covered, the book quickly moves into more complex examples using a practical application that addresses common use cases encountered in enterprise application projects. Learning MonoTouch is for .NET/C# developers with several years of application development experience, but little to no iPhone or Mac development experience. This book teaches C#/.NET developers how to take their existing skills to the iPhone and shows them everything they need to know to build an enterprise class application using MonoTouch. The book assumes intermediate-level knowledge of C#/.NET. Some familiarity with n-tier application development will be helpful, but the book will include some primers in areas such as web services or database development where appropriate.
|
| 533 |
|
|
|a Electronic reproduction.
|b Boston, MA :
|c Safari,
|n Available via World Wide Web.
|d 2012.
|
| 538 |
|
|
|a Mode of access: World Wide Web.
|
| 542 |
|
|
|f Copyright © 2012 Pearson Education, Inc.
|g 2012
|
| 588 |
|
|
|a Online resource; Title from title page (viewed July 25, 2011)
|
| 500 |
|
|
|a Electronic resource.
|
| 655 |
|
7 |
|a Electronic books.
|2 local
|
| 710 |
2 |
|
|a Safari, an O'Reilly Media Company.
|
| 856 |
4 |
0 |
|u https://proxy.library.tamu.edu/login?url=https://go.oreilly.com/TAMU/library/view/-/9780131388291/?ar
|z Connect to this electronic resource
|t 0
|
| 999 |
f |
f |
|s 77723ab4-4745-33ef-b9e4-92bab09ae00f
|i 4db91bac-72d1-35df-9f0c-a7551fbbf401
|t 0
|
| 952 |
f |
f |
|a Texas A&M University
|b College Station
|c Electronic Resources
|s www_evans
|d Available Online
|t 0
|h No information provided
|
| 998 |
f |
f |
|t 0
|l Available Online
|